000 00836nam a2200205 a 4500
003 0
005 20250523135318.0
008 021127s19uu xx 00 eng d
050 _aPGS HF 5415.33
_b.H557 2001
100 _aHernandez, Joselito Miguel M.
245 _aA survey on the cellular phone network provider preference of grade 6 students of Southville International School /
_cJoselito Miguel M. Hernandez.
260 _aLas PiƱas City, Philippines :
_bSouthville International School and Colleges,
_c2001.
300 _a18 pages :
_billustrations ;
_c28 cm.
504 _aIncludes bibliographical references.
650 _aCell phone services
_zPhilippines
_vPublic opinion.
650 _aConsumer preferences
_zPhilippines.
650 _aSixth grade (Education).
650 _aStudents
_vAttitudes.
942 _2lcc
_cPASS
999 _c96428
_d96428